EU or Not? Quiz Stats

 Plays Quiz Updated Jun 25, 2018

Score 0/30 Timer 05:00
2 Plays Today
Country/Territory Yes/No % Correct
Slovenia???
76.8%
Romania???
72.7%
Guyana???
71.1%
Croatia???
70.1%
Canary Islands???
66%
Bermuda???
65.6%
Saba???
65%
Shetland Islands???
64.9%
Gibraltar???
64.2%
Switzerland???
63%
Kosovo???
62.4%
Turks and Caicos Islands???
62.2%
Azores???
60.1%
French Guiana???
55.5%
New Caledonia???
54.1%
Country/Territory Yes/No % Correct
Réunion???
53.6%
Norway???
53.2%
Åland Islands???
52%
Sint Maarten???
48.8%
Saint Martin???
48.4%
French Polynesia???
47.8%
Ceuta and Melilla???
46.8%
Greenland???
46.7%
Monaco???
45.9%
Liechtenstein???
45.1%
Guadeloupe???
44.3%
Faroe Islands???
42.3%
Akrotiri and Dhekelia???
36.3%
Clipperton Island???
35.4%
Isle of Man???
33.4%

You're not logged in!

Compare scores with friends on all Sporcle quizzes.
OR
Log In

You Might Also Like...

Show Comments

Extras

Top Quizzes Today


Score Distribution

Your Account Isn't Verified!

In order to create a playlist on Sporcle, you need to verify the email address you used during registration. Go to your Sporcle Settings to finish the process.

Report this User

Report this user for behavior that violates our Community Guidelines.

Details: